Seniores venerare, iuniores diligere: conflicto y reconciliación de generaciones en el monacato antiguo

Enregistré dans:
Détails bibliographiques
Auteurs principaux: Matthei, Mauro (autor), Contreras, Enrique (Auteur)
Format: Livre
Langue:espagnol
Publié: Buenos Aires Pía Sociedad de San Pablo 1974
Sujets:
Tags: Ajouter un tag
Pas de tags, Soyez le premier à ajouter un tag!

MARC

LEADER 00000nam a2200000 a 4500
001 UCL6253
003 CL-VaPUC
008 040402e19741000AG |||||||||||||||||spa|d
082 0 4 |a 255  |b MAT  |2 21 
100 |a Matthei, Mauro  |e autor  |9 483955 
700 0 |a Contreras, Enrique  |e author  |9 483956 
245 1 0 |a Seniores venerare, iuniores diligere: conflicto y reconciliación de generaciones en el monacato antiguo 
300 |a Pág. irreg 
942 |c BK 
945 |d 20040402 00:00:00  |a vberengu 
260 |a Buenos Aires  |b Pía Sociedad de San Pablo  |c 1974 
650 0 |a Monjes   |9 345241 
650 0 |a Vida religiosa  |9 257284 
583 |a last modification  |c 20040402 00:00:00  |k Rodrigo Vera 
999 |c 308430  |d 308428 
952 |0 0  |1 0  |4 0  |6 255_000000000000000_MAT_1974  |7 0  |8 A  |9 374950  |a BIBTEO  |b BIBTEO  |d 2019-11-21  |i 2108240  |o 255 MAT 1974  |p 2108240  |r 2025-01-17  |w 2019-11-21  |y BK  |k ICR